Οικονομικά Μαθηματικά (Record no. 1897)
[ view plain ]
| 000 -LEADER | |
|---|---|
| fixed length control field | 01227cam a22001814a 4500 |
| 005 - ΗΜΕΡΟΜΗΝΙΑ ΚΑΙ ΩΡΑ ΤΕΛΕΥΤΑΙΑΣ ΕΝΗΜΕΡΩΣΗΣ | |
| Πεδίο ελέγχου | 20250605164022.0 |
| 008 - FIXED-LENGTH DATA ELEMENTS--GENERAL INFORMATION | |
| Πεδίο ελέγχου σταθερού μήκους | 250528s ||||||||||||||||||||||||d |
| 035 ## - SYSTEM CONTROL NUMBER | |
| System control number | 16392 |
| 040 ## - ΠΗΓΗ ΚΑΤΑΛΟΓΟΓΡΑΦΗΣΗΣ | |
| Φορέας πρωτότυπης καταλογογράφησης | MC Athens Campus Library |
| Γλώσσα καταλογογράφησης | Ελληνικά, Μοντέρνα (1453-) |
| Modifying agency | MC Athens Campus Library |
| Κανόνες περιγραφικής καταλογογράφησης | AACR2 |
| 245 1# - ΤΙΤΛΟΣ ΚΑΙ ΔΗΛΩΣΗ ΥΠΕΥΘΥΝΟΤΗΤΑΣ | |
| Τίτλος | Οικονομικά Μαθηματικά |
| 260 ## - PUBLICATION, DISTRIBUTION, ETC. | |
| Name of publisher, distributor, etc. | Αθήνα, |
| Date of publication, distribution, etc. | 1987 |
| 300 ## - PHYSICAL DESCRIPTION | |
| Extent | 196 |
| 520 ## - SUMMARY, ETC. | |
| Summary, etc. | Θεμελιώδεις Γνώσεις της Αριθμητικής και Προβλήματα από την Καθημερινή Ζωή των Οικονομικών Συναλλαγών, Βασικές Έννοιες και Ορισμοί, Κλάσματα, Δεκαδικοί Αριθμοί, Λόγοι και Αναλογίες, Προβλήματα Ποσοστών, Μερισμός σε Μέρη Ανάλογα, Βραχυπρόθεσμα Οικονομικά Μαθηματικά, Προεξόφληση με Απλό Τόκο, Ισοδύναμα Γραμμάτια, Μακροπρόθεσμα Οικονομικά Μαθηματικά, Ράντες ή Ίσες Καταθέσεις, Νομίσματα και Πολύτιμα Μέταλλα, Δάνεια. |
| 700 1# - ΠΡΟΣΘΕΤΗ ΑΝΑΓΡΑΦΗ--ΦΥΣΙΚΟ ΠΡΟΣΩΠΟ | |
| Personal name | Λεκάτος Γεώργιος Στ |
| 9 (RLIN) | 2486 |
| 942 ## - ADDED ENTRY ELEMENTS (KOHA) | |
| Koha item type | Books |
| Τύπος τεκμηρίου | Βιβλιοθήκη | Τρέχουσα τοποθεσία | Barcode | Αριθμός εισαγωγής | Ημερομηνία απόκτησης | Ταξιθετικό σύμβολο | Αριθμός αντιτύπου | Κατάσταση απόσυρσης | Κατάσταση χαμένου | Κατάσταση κατεστραμμένου | Μη δανεισμός | Σύνολο δανεισμών | Ημερομηνία τελευταίας εμφάνισης | Η τιμή ισχύει από |
|---|---|---|---|---|---|---|---|---|---|---|---|---|---|---|
| Books | MC Athens Campus Library | MC Athens Campus Library | 9780000018960 | 4093 | 05/06/2025 | 330.0151/1 LEK | 1 | 05/06/2025 | 05/06/2025 |